|
|
|
|
| LEADER |
00867Cjm#a2200241a#44500 |
| 001 |
022469 |
| 005 |
20160707145931.0 |
| 008 |
110224s2008 au fm|dg#i | u und d |
| 040 |
|
|
|a AR-BeUNQ
|
| 082 |
0 |
4 |
|a 784.23
|2 21
|
| 110 |
2 |
|
|a Pierrot Lunaire Ensamble Wein (Grupo musical).
|
| 245 |
0 |
2 |
|a States of mind
|b Pierrot Lunaire Ensamble Wien.
|h [grabación sonora] ;
|
| 260 |
|
|
|a Wien [Viena] :
|b Extraplate,
|c [2008]
|
| 300 |
|
|
|a 1 CD ROM (1 h. 04 min.) :
|b digital, estéreo ;
|c 4 3/4 plg.
|
| 942 |
|
|
|c CD
|n 0
|
| 650 |
|
7 |
|a Música
|2 spines
|
| 653 |
|
|
|a Música contemporánea
|
| 653 |
|
|
|a CD-Audio
|
| 700 |
1 |
|
|a Fracchia, Cecilia
|e intérprete
|4 itr
|
| 929 |
|
|
|a DONACION
|b Martín Liut
|d 0
|e 20100318
|f PAT0034426
|g 1502 Exp. 827-0387/98
|j 45822
|
| 929 |
|
|
|a DONACION
|b Martín Liut
|d 0
|e 20100318
|f PAT0034405
|g 1502 Exp. 827-0387/98
|j 45823
|
| 999 |
|
|
|c 3218
|d 78605
|